Studies in Sri Aurobindo's dramatic poems, (Record no. 71654)

MARC details
000 -LEADER
fixed length control field 00620cam a22002051 4500
001 - CONTROL NUMBER
control field sa 66008110
003 - CONTROL NUMBER IDENTIFIER
control field DLC
005 - DATE AND TIME OF LATEST TRANSACTION
control field 20260227112310.0
008 - FIXED-LENGTH DATA ELEMENTS--GENERAL INFORMATION
fixed length control field 730521s1964 xx 000 0 eng
010 ## - LIBRARY OF CONGRESS CONTROL NUMBER
LC control number sa 66008110
035 ## - SYSTEM CONTROL NUMBER
System control number (OCoLC)627127
040 ## - CATALOGING SOURCE
Original cataloging agency DLC
Transcribing agency OClU
Modifying agency DLC
042 ## - AUTHENTICATION CODE
Authentication code premarc
050 00 - LIBRARY OF CONGRESS CALL NUMBER
Classification number PR6013.H56
Item number Z8
100 1# - MAIN ENTRY--PERSONAL NAME
Personal name Seetaraman, M. V.
245 10 - TITLE STATEMENT
Title Studies in Sri Aurobindo's dramatic poems,
Statement of responsibility, etc. by M. V. Seetaraman. With a foreword by C. P. Ramaswami Aiyar.
260 ## - PUBLICATION, DISTRIBUTION, ETC.
Place of publication, distribution, etc. Annamalainagar [Annamali]
Name of publisher, distributor, etc. University,
Date of publication, distribution, etc. 1964.
300 ## - PHYSICAL DESCRIPTION
Extent vii,99p.
Dimensions 25cm.
600 10 - SUBJECT ADDED ENTRY--PERSONAL NAME
Personal name Ghose, Aurobindo,
Dates associated with a name 1872-1950

No items available.

Powered by Koha